Guess the Taylor Swift Song (Speak Now TV) 6 - Statistics

General Stats
  • This quiz has been taken 9 times
  • The average score is 255 of 323
Answer Stats
Answer % Correct
a
100%
and
100%
And
100%
I
100%
me
100%
the
100%
You
100%
you
100%
all
83%
back
83%
back,
83%
But
83%
can't
83%
Can't
83%
Come
83%
come
83%
don't
83%
ever
83%
eyes
83%
From
83%
go
83%
had
83%
have
83%
I'd
83%
I'm
83%
it
83%
It's
83%
it's
83%
just
83%
know
83%
known
83%
leave
83%
like
83%
make
83%
my
83%
never
83%
Never
83%
no
83%
now
83%
now,
83%
on,
83%
on
83%
out
83%
see
83%
this
83%
thought
83%
time
83%
to
83%
walk
83%
what
83%
your
83%
You're
83%
you're
83%
again
67%
away
67%
be
67%
break
67%
breath
67%
cold
67%
coming
67%
dark
67%
every
67%
everything
67%
figured
67%
fragile
67%
getting
67%
gone
67%
gone,
67%
haunted
67%
He
67%
he
67%
holding
67%
line
67%
lose
67%
made
67%
might
67%
mistake
67%
not
67%
nothing
67%
Oh,
67%
over
67%
said
67%
Something
67%
Something's
67%
still
67%
Stood
67%
take
67%
there
67%
too
67%
try
67%
turn
67%
was
67%
watched
67%
we
67%
will
67%
anything
50%
big
50%
breathe
50%
instead
50%
keeps
50%
live
50%
mean
50%
pain
50%
quiet
50%
smile
50%
started
50%
terribly
50%
trust
50%
wanted
50%
whenever
50%
whole
50%
wishing
50%
Won't
50%
word
50%
wrong
50%
finish
33%
Oh-oh,
33%
oh-oh,
33%
oh-oh-oh
17%
No matching quizzes found
Score Distribution
Percent of People with Each Score
Percentile by Number Answered
Your Score History
You have not taken this quiz